[Event "Kstovo (Women)"]
[Site "Kstovo"]
[Date "1998.??.??"]
[Round "?"]
[White "Kovalevskaya, Ekaterina"]
[Black "Stepovaia Dianchenko, Tatiana"]
[Result "1-0"]
[WhiteElo "2390"]
[BlackElo "2355"]

1.e4 c5 2.Nf3 Nc6 3.Bb5 e6 4.O-O Qc7 5.Nc3 Nge7 6.d4 Nxd4 7.Nxd4 cxd4 8.Qxd4 a6
9.Be3 Ng6 10.Be2 b5 11.f4 Bb7 12.f5 Ne5 13.fxe6 dxe6 14.Bxb5+ axb5 15.Nxb5 Qb8
16.Qb6 Be7 17.Nc7+ Kf8 18.Nxa8 Qxa8 19.Qxe6 Qb8 20.Rad1 f6 21.Bd4 Nf7 22.e5 Rg8
23.Rd2 Bc8 24.Qc4 f5 25.e6 Nd6 26.Bc5 g6 27.Bxd6 Bxd6 28.Rxd6 Qxd6 29.Qxc8+ Kg7
30.Qd7+  1-0

[Event "RUS-ch sf"]
[Site "Kstovo"]
[Date "1998.??.??"]
[Round "1"]
[White "Yandemirov, Valeri"]
[Black "Rozkov, Nikolai"]
[Result "1-0"]
[WhiteElo "2545"]
[BlackElo "2325"]

1.e4 c5 2.Nf3 Nc6 3.Bb5 g6 4.O-O Bg7 5.c3 e5 6.d4 exd4 7.cxd4 cxd4 8.Bf4 Nge7
9.Bd6 O-O 10.Nbd2 a6 11.Bd3 b5 12.a4 bxa4 13.Rxa4 a5 14.b4 Bb7 15.b5 Nb4
16.Bc4 h6 17.Qb3 Kh7 18.Bxf7 Rc8 19.Bc4 Rf6 20.Bxe7 Qxe7 21.Rxa5 d5 22.exd5 Bxd5
23.Bxd5 Rc3 24.Bg8+ Kh8 25.Qa4 Kxg8 26.Ra7 Qc5 27.Ne4 Qc4 28.Nxf6+ Bxf6 29.b6  1-0

[Event "La Coruna op"]
[Site "La Coruna"]
[Date "1998.??.??"]
[Round "?"]
[White "Garcia Carbo, Marcial"]
[Black "Gonzalez, Diego"]
[Result "1-0"]
[WhiteElo "2350"]
[BlackElo "2215"]

1.e4 c5 2.Nf3 Nc6 3.Bb5 e6 4.O-O Nge7 5.Re1 a6 6.Bxc6 Nxc6 7.d4 cxd4 8.Nxd4 Qc7
9.Nc3 Nxd4 10.Qxd4 Qc5 11.Qd3 Bd6 12.Be3 Qc7 13.Bd4 f6 14.Qh3 O-O 15.a4 b6
16.Rad1 Bb7 17.Rd3 Bc6 18.Qh5 Be5 19.Bxe5 Qxe5 20.Qxe5 fxe5 21.b4 b5 22.a5 Rf4
23.f3 Raf8 24.Ne2 R4f6 25.Rd6 g5 26.h3 Kf7 27.Ng3 Kg6 28.Nf1 h5 29.Ne3 Kf7
30.Red1 Ke7 31.Kh2 Ra8 32.Kg3 Rf4 33.c4 bxc4 34.Nxc4 Rb8 35.Nxe5 Ba4  1-0

[Event "Le Touquet op"]
[Site "Le Touquet"]
[Date "1998.??.??"]
[Round "7"]
[White "Grechihin, Valery"]
[Black "Tseshkovsky, Vitaly"]
[Result "0-1"]
[WhiteElo "2540"]
[BlackElo "2510"]

1.e4 c5 2.Nf3 Nc6 3.Bb5 Nf6 4.Nc3 g6 5.e5 Ng4 6.Bxc6 dxc6 7.h3 Nh6 8.O-O Bg7
9.Re1 O-O 10.Ne4 b6 11.b3 Nf5 12.Bb2 Nd4 13.a4 a5 14.d3 Ra7 15.Nxd4 cxd4
16.Nd2 Be6 17.Nf3 c5 18.Bc1 Bd5 19.Nh2 f6 20.exf6 exf6 21.Bd2 Qa8 22.f3 g5
23.Re2 h6 24.Qf1 Qc6 25.Rae1 b5 26.axb5 Qxb5 27.Qf2 a4 28.bxa4 Rxa4 29.Nf1 Ra2
30.c4 dxc3 31.Bxc3 Rxe2 32.Qxe2 Bf7 33.d4 Qxe2 34.Rxe2 f5 35.Rd2 f4 36.Rd3 Rb8
37.Nd2 c4  0-1

[Event "Leuven ASLK"]
[Site "Leuven"]
[Date "1998.??.??"]
[Round "3"]
[White "Van Haastert, Edwin"]
[Black "Schebler, Gerhard"]
[Result "1/2-1/2"]
[WhiteElo "2335"]
[BlackElo "2450"]

1.e4 c5 2.Nf3 Nc6 3.Bb5 g6 4.Bxc6 dxc6 5.d3 Bg7 6.a3 Nf6 7.Nc3 O-O 8.O-O b6
9.Be3 Ng4 10.Bd2 a5 11.Qe2 f6 12.Na4 e5 13.b4 cxb4 14.axb4 axb4 15.Bxb4 Rf7
16.Nb2 Rfa7 17.Rxa7 Rxa7 18.h3 Nh6 19.Nc4 Be6 20.Ne3 Nf7 21.Rd1 c5 22.Bc3 Nd6
23.Qe1 Nb5 24.Ra1 Rxa1 25.Qxa1 Nd4 26.Ne1 h5 27.Bb2 Bh6 28.Qa7 Nc6 29.Qa6 Bxe3
30.fxe3 Bf7 31.Bc3 Kg7 32.Nf3 Qc7 33.Qa1 b5 34.d4 b4 35.Be1 cxd4 36.exd4 exd4
37.Nxd4 Ne5 38.Bxb4 Qb7 39.Qe1 Nc6 40.Bc5 Nxd4 41.Bxd4 Qe7 42.Qh4 Qd6 43.c3 Bb3
44.Qf2 Bc4 45.Qe3 Kh7 46.Qf3 Kg7 47.Kh1 Bb3 48.g4 hxg4 49.hxg4 Kf7 50.Kg1 Qe6
51.g5 f5 52.exf5 gxf5 53.Qh5+ Ke7 54.Qh4 Kd7 55.Qh7+ Kc8 56.Qh8+ Kd7 57.Qg7+ Kc6
58.Qh6 Kd7 59.Kf2 f4 60.Qg7+ Kc6 61.Qf6 Qxf6 62.Bxf6 Bd5 63.Ke2 Kd6 64.Kd3 Ke6
65.c4 Ba8  1/2-1/2

[Event "PER-ch sf"]
[Site "Lima"]
[Date "1998.??.??"]
[Round "8"]
[White "Gonzales, Manuel"]
[Black "Quinones, Cesar"]
[Result "1-0"]
[WhiteElo "2305"]
[BlackElo "2050"]

1.e4 c5 2.Nf3 Nc6 3.Bb5 g6 4.O-O Bg7 5.Bxc6 dxc6 6.h3 Nf6 7.Re1 O-O 8.Nc3 Re8
9.e5 Nd5 10.Ne4 b6 11.d3 h6 12.a3 a5 13.Qe2 Nc7 14.Ng3 Ne6 15.Qe4 Qd5 16.Qh4 h5
17.Re4 Nd4 18.Nxd4 cxd4 19.Bg5 Ra7 20.Rae1 c5 21.Bf6 exf6 22.exf6 Rxe4 23.dxe4 Qe5
24.fxg7 Qe7 25.Qf4 Kxg7 26.e5 Bb7 27.e6 fxe6 28.Qe5+ Kh6 29.Qh8+ Qh7 30.Qf8+ Qg7
31.Qf4+ Kh7 32.Rxe6 Ra8 33.Nxh5  1-0

[Event "POR-chT2"]
[Site "Lisbon"]
[Date "1998.??.??"]
[Round "?"]
[White "Charneira, Hermenegildo"]
[Black "Morais, Vitor"]
[Result "1-0"]
[WhiteElo "2140"]
[BlackElo "2110"]

1.e4 c5 2.Nf3 Nc6 3.Bb5 e6 4.O-O Nge7 5.d4 cxd4 6.Nxd4 a6 7.Nxc6 bxc6 8.Bd3 d6
9.f4 Ng6 10.Nd2 Be7 11.Nf3 O-O 12.Qe1 f5 13.exf5 exf5 14.Qf2 Bf6 15.c3 c5
16.Be3 Rb8 17.Rad1 Qc7 18.Rd2 a5 19.Bc4+ Kh8 20.Rfd1 Rb6 21.h4 h6 22.Ng5 Bxg5
23.hxg5 Bb7 24.Qg3 Kh7 25.b4 axb4 26.cxb4 Rxb4 27.Rxd6 Rxc4 28.gxh6 Qf7 29.Rd7 Qf6
30.Rxg7+ Kxh6 31.Rdd7 Rh8 32.Rxg6+ Qxg6 33.Qh4+  1-0

[Event "Ljubljana op"]
[Site "Ljubljana"]
[Date "1998.??.??"]
[Round "3"]
[White "Kogan, Artur"]
[Black "Podlesnik, Bogdan"]
[Result "1-0"]
[WhiteElo "2505"]
[BlackElo "2415"]

1.e4 c5 2.Nf3 Nc6 3.Bb5 e6 4.O-O Nge7 5.Re1 a6 6.Bxc6 Nxc6 7.d4 cxd4 8.Nxd4 d6
9.Nc3 Bd7 10.Nxc6 bxc6 11.Re3 Rb8 12.b3 c5 13.Bb2 Bc6 14.Nd5 Rb7 15.Qe2 Ra7
16.Rd1 f6 17.Qh5+ Rf7 18.Nf4 g6 19.Nxg6 Rg8 20.Nxf8 Kxf8 21.Qxc5  1-0

[Event "Ljubljana op"]
[Site "Ljubljana"]
[Date "1998.??.??"]
[Round "4"]
[White "Jakupovic, Neven"]
[Black "Kukovec, Borut"]
[Result "1-0"]
[WhiteElo "2150"]
[BlackElo "2030"]

1.Nf3 c5 2.e4 Nc6 3.Bb5 g6 4.O-O Bg7 5.d3 Nf6 6.Bxc6 bxc6 7.h3 O-O 8.e5 Nd5
9.Nbd2 Ba6 10.Re1 Rb8 11.Ne4 Qb6 12.c4 Nc7 13.Rb1 Ne6 14.Be3 Qa5 15.b3 Rfd8
16.Neg5 Nxg5 17.Bxg5 Re8 18.Qe2 Kf8 19.e6 dxe6 20.Ne5 Qc7 21.Nxf7 Kxf7 22.Qxe6+ Kf8
23.Re3  1-0

[Event "Ljubljana op"]
[Site "Ljubljana"]
[Date "1998.??.??"]
[Round "6"]
[White "Barle, Janez"]
[Black "Pahor, Milos"]
[Result "1-0"]
[WhiteElo "2415"]
[BlackElo "2115"]

1.e4 c5 2.Nf3 Nc6 3.Bb5 e6 4.O-O Nge7 5.Re1 d5 6.exd5 Nxd5 7.d4 a6 8.Bxc6+ bxc6
9.Ne5 Qc7 10.c4 Nf6 11.Bf4 Qb6 12.d5 cxd5 13.Qa4+ Bd7 14.Nxd7 Nxd7 15.Nc3 Bd6
16.Nxd5 Qb8 17.Bxd6 Qxd6 18.Rad1 Qb8 19.Nf6+ gxf6 20.Qxd7+ Kf8 21.Rd3 Ra7
22.Qc6 Qc7 23.Qf3 Ke7 24.Red1 Qc8 25.g3 Qa8 26.Qh5 Rc7 27.Qh4 h5 28.Qf4 Qb7
29.Qd6+ Ke8 30.Qd8+  1-0

[Event "Ljubljana op"]
[Site "Ljubljana"]
[Date "1998.??.??"]
[Round "9"]
[White "Pavasovic, Dusko"]
[Black "Sveshnikov, Evgeny"]
[Result "1/2-1/2"]
[WhiteElo "2505"]
[BlackElo "2590"]

1.e4 c5 2.Nf3 Nc6 3.Bb5 e6 4.O-O Nge7 5.c3 d5 6.exd5 Qxd5 7.Qe2 a6 8.Ba4 b5
9.Bc2 Bb7 10.d4 cxd4 11.Be4 Qd7 12.cxd4 Nd5 13.Nc3 Be7 14.Bd2 Nf6 15.Ne5 Nxe5
16.Bxb7 Qxb7 17.dxe5 Nd5 18.Qg4 Nxc3 19.bxc3 h5 20.Qe2 g6 21.a4 O-O 22.Rfb1 Qd7
23.Bh6 Rfd8 24.axb5 axb5 25.Rxa8 Rxa8 26.h3 Rb8 27.Qe3 Qc6 28.Qa7 Qb7 29.Be3 Qxa7
30.Bxa7 Rc8 31.Bd4 b4 32.cxb4 Rc4 33.Be3 Rxb4 34.Rxb4 Bxb4 35.Bg5 Bc3 36.f4  1/2-1/2

[Event "SLO-ch"]
[Site "Maribor"]
[Date "1998.??.??"]
[Round "1"]
[White "Mazi, Leon"]
[Black "Jelen, Igor"]
[Result "1/2-1/2"]
[WhiteElo "2420"]
[BlackElo "2430"]

1.e4 c5 2.Nf3 Nc6 3.Bb5 g6 4.O-O Bg7 5.Re1 Nf6 6.e5 Nd5 7.Nc3 Nc7 8.Bxc6 dxc6
9.Ne4 b6 10.Nf6+ Kf8 11.Ne4 Bg4 12.Neg5 h6 13.h3 Bf5 14.Ne4 Qd7 15.b3 Kg8
16.d3  1/2-1/2

[Event "FRA-chB"]
[Site "Meribel"]
[Date "1998.??.??"]
[Round "4"]
[White "Boudre, Jean Pierre"]
[Black "Godard, Maxence"]
[Result "0-1"]
[WhiteElo "2380"]
[BlackElo "2265"]

1.e4 c5 2.Nf3 Nc6 3.Bb5 Nf6 4.Nc3 Qc7 5.O-O Nd4 6.Nxd4 cxd4 7.Nd5 Nxd5 8.exd5 Qc5
9.Qe2 Qxd5 10.c4 Qf5 11.b4 e6 12.Bb2 Bxb4 13.Bxd4 O-O 14.Rab1 Bd6 15.Be3 b6
16.d4 Rd8 17.c5 Bc7 18.Bd3 Qd5 19.f3 Qh5 20.g4 Qh3 21.cxb6 Bxb6 22.Be4 d5
23.Bd3 Bd7 24.Kh1 Re8 25.Rg1 e5 26.Rg3 Qh4 27.Qd2 Qe7 28.Rh3 e4 29.fxe4 dxe4
30.Be2 Rad8 31.Rh5 Bc6 32.Bb5 Qd7 33.Bxc6 Qxc6 34.Rc1 Qd7 35.Rd1 Qxg4 36.Rg5 Qf3+
37.Kg1 Rd6 38.Rg3 Rg6 39.Rxg6 hxg6 40.Rf1 Qg4+ 41.Kh1 Rd8  0-1

[Event "FRA-chB"]
[Site "Meribel"]
[Date "1998.??.??"]
[Round "7"]
[White "Boudre, Jean Pierre"]
[Black "Sarthou, Gaetan"]
[Result "1-0"]
[WhiteElo "2380"]
[BlackElo "2305"]

1.e4 c5 2.Nf3 Nc6 3.Bb5 e6 4.Bxc6 bxc6 5.d3 d6 6.e5 d5 7.O-O Ne7 8.c4 Nf5
9.Re1 Be7 10.Nc3 h5 11.Ne2 g5 12.Ng3 h4 13.Nxf5 exf5 14.Nd2 Be6 15.Qa4 Qd7
16.Nb3 f4 17.Bd2 f3 18.gxf3 dxc4 19.dxc4 g4 20.f4 Rc8 21.Rad1 Qd3 22.Be3 Qf5
23.Nxc5 g3 24.Nxe6 fxe6 25.Qa6 gxf2+ 26.Kxf2 O-O 27.Rg1+ Kh8 28.Qb7 Bg5 29.Rxg5 Qxg5
30.Qxc8 Qg8 31.Qxc6 h3 32.Rg1 Qh7 33.Qxe6 Qh4+ 34.Kf3 Qh7 35.Rg6 Qb7+ 36.Qc6  1-0

[Event "FRA-ch (Women)"]
[Site "Meribel"]
[Date "1998.??.??"]
[Round "8"]
[White "Husson, Cybele"]
[Black "Klipper, Rebecca"]
[Result "1-0"]
[WhiteElo "2060"]
[BlackElo "2060"]

1.e4 c5 2.Nf3 Nc6 3.Bb5 g6 4.Bxc6 bxc6 5.d3 Bg7 6.O-O d6 7.h3 f6 8.Nbd2 Nh6
9.Nc4 Nf7 10.Nh2 Ba6 11.Ne3 Qc7 12.Rb1 Rd8 13.c4 Bb7 14.Qa4 O-O 15.Bd2 Rb8
16.Ba5 Qc8 17.Nf3 Nd8 18.b4 cxb4 19.Rxb4 c5 20.Rbb1 Bc6 21.Qc2 Ne6 22.Nd5 Kf7
23.Bc3 Qd7 24.Qd2 h5 25.Nh4 Rxb1 26.Rxb1 Rh8 27.Qb2 Bxd5 28.cxd5 Nf4 29.d4 cxd4
30.Bxd4 Rc8 31.Kh2 g5 32.Nf5 Nd3 33.Qe2 Nf4 34.Qf3 e6 35.dxe6+ Nxe6 36.Qxh5+ Kg8
37.Qd1 Nxd4 38.Qxd4 Rc6 39.Rb8+ Kh7 40.Qd1 Kg6 41.Rg8  1-0

[Event "Miercurea Ciuc op"]
[Site "Miercurea Ciuc"]
[Date "1998.??.??"]
[Round "2"]
[White "Khruschiov, Alexey"]
[Black "Szabo, Virag"]
[Result "1-0"]
[WhiteElo "2215"]
[BlackElo "2030"]

1.e4 c5 2.Nf3 Nc6 3.Bb5 g6 4.Bxc6 bxc6 5.O-O Bg7 6.Re1 Nf6 7.e5 Nd5 8.c4 Nc7
9.d4 cxd4 10.Qxd4 O-O 11.Nc3 Ne6 12.Qh4 d5 13.Bh6 Rb8 14.Rad1 Bb7 15.Rd2 Nc7
16.Ne4 f6 17.Nc5 Bc8 18.Nd4 fxe5 19.Bxg7 Kxg7 20.Rxe5 Rf6 21.Nxc6 Rxc6 22.Rxe7+ Kf8
23.Rde2 Rxb2 24.Qf6+  1-0

[Event "Miskolc Avas op"]
[Site "Miskolc"]
[Date "1998.??.??"]
[Round "4"]
[White "Barabas, Tibor"]
[Black "Toth, Daniel"]
[Result "0-1"]
[WhiteElo "2130"]
[BlackElo "2040"]

1.e4 c5 2.Nf3 Nc6 3.Bb5 g6 4.O-O Bg7 5.c3 Nf6 6.Re1 O-O 7.d4 cxd4 8.cxd4 d5
9.e5 Ne8 10.Bg5 Bg4 11.Bxc6 bxc6 12.Nbd2 Nc7 13.b4 Ne6 14.Be3 a5 15.bxa5 Rxa5
16.Nb3 Ra7 17.Qc2 Bxf3 18.gxf3 Rc7 19.f4 Qc8 20.a4 c5 21.Nxc5 Nxc5 22.dxc5 Qg4+
23.Kf1 Rfc8 24.a5 g5 25.f3 Qxf3+ 26.Qf2 Qh1+ 27.Ke2 Qe4 28.Kd2 Qb4+ 29.Ke2 g4
30.Kf1 Ra8 31.Reb1 Qc4+ 32.Kg1 Rca7 33.Rc1 Qb5 34.c6 Rxa5 35.Rab1 Qa6 36.c7 Rc8
37.Rb6 Qa8 38.Rcb1 Ra1 39.Qb2 Rxb1+ 40.Qxb1 Qa7 41.Rb8 Qxc7 42.Qb6 Qxb8  0-1

[Event "Miskolc Avas op"]
[Site "Miskolc"]
[Date "1998.??.??"]
[Round "5"]
[White "Emodi, Barnabas"]
[Black "Varga, Peter"]
[Result "1-0"]
[WhiteElo "2375"]
[BlackElo "2390"]

1.e4 c5 2.Nf3 Nc6 3.Bb5 e6 4.O-O Nge7 5.Re1 Ng6 6.c3 d5 7.Qa4 Qd6 8.exd5 Qxd5
9.d4 cxd4 10.cxd4 Be7 11.Nc3 Qd6 12.Ne5 Bd7 13.Nc4 Qb4 14.Qd1 a6 15.a3 axb5
16.axb4 Rxa1 17.Nb6 Bg5 18.Ne2 Nce7 19.Nxd7 Kxd7 20.Qd3 Nd5 21.Qxb5+ Kc8
22.Bd2 Rxe1+ 23.Bxe1 Be7 24.f3 Rd8 25.Bg3 Bxb4 26.Qa4 Nge7 27.Nc3 Bxc3 28.bxc3 Nc7
29.Qa5 Na6 30.Qh5 f6 31.Qf7 Kd7 32.Qxg7 Rc8 33.Bh4 Nc7 34.Bxf6 Nd5 35.Bxe7 Nxe7
36.Qxh7 Rxc3 37.h4 b5 38.Qb1 Kc6 39.Qe4+ Kc7 40.Qe5+  1-0

[Event "Miskolc Avas op"]
[Site "Miskolc"]
[Date "1998.??.??"]
[Round "9"]
[White "Eberth, Zoltan"]
[Black "Kerek, Krisztian"]
[Result "1-0"]
[WhiteElo "2235"]
[BlackElo "2335"]

1.e4 c5 2.Nf3 Nc6 3.Bb5 Qb6 4.Nc3 e6 5.O-O a6 6.Bxc6 Qxc6 7.d4 cxd4 8.Qxd4 b5
9.Bg5 f6 10.Be3 Bb7 11.Rfd1 Rc8 12.Rd2 Bc5 13.Qxc5 Qxc5 14.Bxc5 Rxc5 15.Rad1 Rc7
16.Nd4 Bc8 17.a4 bxa4 18.Nxa4 Ke7 19.Nb6 Nh6 20.c4 Nf7 21.b4 Ne5 22.f4 Nf7
23.c5 Rd8 24.Kf2 Bb7 25.Ke3 g6 26.g3 h5 27.h3 e5 28.Nb3 d6 29.Nd5+ Bxd5 30.exd5 Rb8
31.Na5 Nd8 32.Nc4 Nf7 33.Na5 Nd8 34.Nc4 Nb7 35.fxe5 fxe5 36.Nxe5 Re8 37.Nc6+ Kd7+
38.Kd4 a5 39.Rf2 axb4 40.Rf7+ Kc8 41.Na7+ Kb8 42.Rxc7 Kxc7 43.Nb5+ Kd8 44.c6 Na5
45.Nxd6 Re2 46.Kc5  1-0

[Event "Montpellier opB"]
[Site "Montpellier"]
[Date "1998.??.??"]
[Round "3"]
[White "Chaplin, Erik"]
[Black "Schott, Raimund"]
[Result "1-0"]
[WhiteElo "2190"]
[BlackElo "2085"]

1.e4 c5 2.Nf3 Nc6 3.Bb5 e6 4.O-O Nge7 5.Re1 a6 6.Bxc6 Nxc6 7.d4 cxd4 8.Nxd4 Qc7
9.Nc3 Bb4 10.Nxc6 Qxc6 11.Qd4 Bxc3 12.bxc3 O-O 13.Ba3 Re8 14.e5 b5 15.Re3 Bb7
16.Qg4 Qc4 17.Qxc4 bxc4 18.Bd6 Bc6 19.Rb1 Ra7 20.Ree1 Rb7 21.Rxb7 Bxb7 22.f3 Bc6
23.Rb1 Bb5 24.Rb4 f6 25.Kf2 fxe5 26.Ke3 Ra8 27.Bxe5 Ra7 28.Kd4 g5 29.Kc5 d5
30.Kb6 Rf7 31.a4 Bd7 32.Kxa6 h5 33.a5 g4 34.Rb8+ Kh7 35.Kb6 gxf3 36.gxf3 Rf5
37.f4 d4 38.cxd4 Ba4 39.c3 Bc2 40.a6 Be4  1-0

[Event "Petrosian mem-J"]
[Site "Moscow"]
[Date "1998.??.??"]
[Round "?"]
[White "Kutuzov, Denis"]
[Black "Chasovnikova, Eugenia"]
[Result "0-1"]
[WhiteElo "2140"]
[BlackElo "2275"]

1.e4 c5 2.Nf3 Nc6 3.Bb5 g6 4.O-O Bg7 5.c3 e5 6.d3 Nge7 7.Be3 Qb6 8.Na3 O-O
9.b4 d6 10.Nc4 Qc7 11.bxc5 d5 12.exd5 Nxd5 13.Bxc6 Nxe3 14.fxe3 Qxc6 15.d4 e4
16.Nfd2 b6 17.cxb6 axb6 18.Qb3 b5 19.Na3 Be6 20.Qb2 Bh6 21.Rfe1 Rfb8 22.Nc2 Rc8
23.Nb4 Qxc3 24.Qxc3 Rxc3 25.Kf2 Bf8 26.Reb1 Bxb4 27.Rxb4 Rc2 28.Ke1 Ra3 29.Kd1 Rcc3
30.Rxb5 Bg4+ 31.Ke1 Rxe3+ 32.Kf1 Be2+  0-1

[Event "Petrosian mem-J"]
[Site "Moscow"]
[Date "1998.??.??"]
[Round "?"]
[White "Getmanchuk, Andrei V"]
[Black "Egorov, Dmitry"]
[Result "0-1"]
[WhiteElo "2175"]
[BlackElo "2235"]

1.e4 c5 2.Nf3 Nc6 3.Bb5 g6 4.c3 Bg7 5.O-O e5 6.d4 cxd4 7.cxd4 exd4 8.Bf4 Nge7
9.Bd6 O-O 10.Nbd2 a6 11.Bc4 b5 12.Bd5 Bb7 13.Nb3 h6 14.Nc5 Ra7 15.Nxb7 Rxb7
16.Ne5 Bxe5 17.Bxe5 Nxd5 18.Bd6 Nde7  0-1

[Event "Petrosian mem-J"]
[Site "Moscow"]
[Date "1998.??.??"]
[Round "?"]
[White "Kutuzov, Denis"]
[Black "Egorov, Dmitry"]
[Result "1-0"]
[WhiteElo "2140"]
[BlackElo "2235"]

1.e4 c5 2.Nf3 Nc6 3.Bb5 g6 4.O-O Bg7 5.c3 e5 6.d3 Nge7 7.Be3 d6 8.d4 cxd4
9.cxd4 O-O 10.d5 Nb8 11.Nfd2 f5 12.f3 f4 13.Bf2 g5 14.Nc3 Ng6 15.Be2 Rf6
16.Nb5 a6 17.Na7 Nd7 18.Rc1 h5 19.Qc2 Ne7 20.Qc7 Qe8 21.Nc4 Rxa7 22.Bxa7 Qg6
23.Qd8+ Kf7 24.Nb6 Nxb6 25.Bxb6 g4 26.Rxc8 Nxc8 27.Qxc8 gxf3 28.Bxf3  1-0

[Event "Petrosian mem-J"]
[Site "Moscow"]
[Date "1998.??.??"]
[Round "?"]
[White "Bereslavsky, Mikhail"]
[Black "Arutyunyan, Arutyun"]
[Result "1-0"]
[WhiteElo "2075"]
[BlackElo "2145"]

1.e4 c5 2.Nf3 Nc6 3.Bb5 g6 4.O-O Bg7 5.c3 e5 6.Na3 Nge7 7.Nc2 O-O 8.d4 d6
9.Be3 exd4 10.cxd4 b6 11.Qd2 f5 12.Ng5 fxe4 13.Nxe4 Bf5 14.Ng5 a6 15.Bxc6 Nxc6
16.Rad1 Re8 17.b3 Bxc2 18.Qxc2 Bxd4 19.Bxd4 Nxd4 20.Qd2 Re2 21.Qf4 Qe7 22.a3 Re5
23.Rxd4 cxd4 24.Nf3 Rf8 25.Qxd4 Rc5 26.b4 Rcc8 27.Qxb6 Qe6 28.Qxa6 Qg4 29.h3 Qf4
30.Qd3 Rc1 31.Qb3+ Qc4 32.Qxc4+ Rxc4 33.Rd1 Rf6 34.Kf1 Kf8 35.Ke2 Ke7 36.Kd3 Rc8
37.Rb1 Rf4 38.a4 Rcc4 39.Re1+ Kd7 40.g3 Rxf3+ 41.Kxc4 Rxf2 42.Re3 Rb2 43.Kb5 d5
44.a5 Kd6 45.a6 d4 46.Re8 Kc7 47.a7  1-0

[Event "Moscow Kasparov Cup"]
[Site "Moscow"]
[Date "1998.??.??"]
[Round "1"]
[White "Bereslavsky, Mikhail"]
[Black "Perunovic, Milos"]
[Result "0-1"]
[WhiteElo "2075"]
[BlackElo "2240"]

1.e4 c5 2.Nf3 Nc6 3.Bb5 e6 4.O-O Nge7 5.Re1 Nd4 6.Nxd4 cxd4 7.d3 a6 8.Ba4 Nc6
9.Nd2 Bc5 10.Qg4 O-O 11.e5 b5 12.Bb3 d6 13.f4 Bb4 14.Re2 Na5 15.Ne4 Nxb3
16.axb3 Bb7 17.Nf6+ Kh8 18.Nh5 Rg8 19.f5 dxe5 20.fxe6 f6 21.c3 Bc5 22.c4 Qc7
23.Bd2 Rae8 24.Rf1 Bc8 25.Qh4 Bxe6 26.b4 Ba7 27.b3 Rgf8 28.Rc1 Bf5 29.Qg3 Qf7
30.Qf3 Qg6 31.Ng3 Bxd3 32.Rf2 e4  0-1

[Event "RUS-Cup02"]
[Site "Moscow"]
[Date "1998.??.??"]
[Round "1"]
[White "Bitman, Alexander R"]
[Black "Shariyazdanov, Andrey"]
[Result "0-1"]
[WhiteElo "2230"]
[BlackElo "2495"]

1.e4 c5 2.Nf3 Nc6 3.Bb5 e6 4.O-O Nge7 5.c3 a6 6.Bd3 d5 7.Re1 d4 8.e5 Ng6
9.g3 Qc7 10.Qe2 b5 11.b3 Bb7 12.Be4 Rd8 13.cxd4 Nxd4 14.Nxd4 Rxd4 15.Bxb7 Qxb7
16.Bb2 Rd5 17.h4 h5 18.Nc3 Rxe5 19.Ne4 Rd5 20.Qf3 Rd7 21.Bxg7 Bxg7 22.Nd6+ Rxd6
23.Qxb7 Bxa1 24.Qc8+ Rd8 25.Qc6+ Kf8 26.Rxa1 Kg7 27.Qxc5 Rd5 28.Qc3+ e5 29.Qc6 Rxd2
30.Qxa6 b4 31.Qb7 Rhd8 32.Qxb4 R8d4 33.Qc5 f5 34.a4 f4 35.Rc1 fxg3 36.fxg3 R4d3
37.Qc7+ Kh6 38.Qb6 Rxg3+ 39.Kf1 Rh2 40.Rc6 Rxh4 41.a5 e4 42.Rf6 Rh1+ 43.Ke2 Rh2+
44.Rf2 Rhh3 45.b4 e3 46.Rf1 Rg2+ 47.Ke1 Rb2 48.Qd6 e2 49.Rg1 Rb1+ 50.Kxe2 Rxg1
51.Kf2 Rg4 52.a6 Ra3 53.b5 Rf4+ 54.Ke2 Ra2+ 55.Ke3  0-1

[Event "RUS-Cup02"]
[Site "Moscow"]
[Date "1998.??.??"]
[Round "1"]
[White "Komliakov, Viktor"]
[Black "Krasenkova, Ilena"]
[Result "1-0"]
[WhiteElo "2510"]
[BlackElo "2265"]

1.e4 c5 2.Nf3 Nc6 3.Bb5 g6 4.Bxc6 dxc6 5.h3 e5 6.d3 f6 7.a4 Nh6 8.a5 Nf7
9.Be3 Be6 10.Qd2 Bd6 11.Qc3 Qe7 12.Nbd2 O-O 13.Nc4 b6 14.O-O Bc7 15.axb6 axb6
16.b3 Rfc8 17.Rxa8 Rxa8 18.Ra1 Rxa1+ 19.Qxa1 b5 20.Ncd2 Nd8 21.Qa8 Kg7 22.Nh2 Bd7
23.Ndf3 Ne6 24.Qa7 Bd6 25.Nf1 Nd4 26.Nxd4 cxd4 27.Bd2 Be6 28.Qa6 Qd7 29.Ba5 Ba3
30.Ng3 h5 31.Ne2 Bf7 32.Bd2 b4 33.Qb6 Qd6 34.f4 Be8 35.Kf2 Qe7 36.Ng1 g5
37.fxg5 fxg5 38.Nf3 g4 39.hxg4 hxg4 40.Nh2 Bd7 41.Kg3 Kg6 42.Qb8 Kh7 43.Qc7 Qg7
44.Qd8 Bb2 45.Qh4+ Kg8 46.Nxg4 Bc3 47.Bxc3 bxc3 48.Qd8+ Kh7 49.Qxd7  1-0

[Event "Goldberg mem"]
[Site "Moscow"]
[Date "1998.??.??"]
[Round "1"]
[White "Odeev, Handszar"]
[Black "Korotylev, Alexey"]
[Result "1/2-1/2"]
[WhiteElo "2430"]
[BlackElo "2470"]

1.e4 c5 2.Nf3 Nc6 3.Bb5 g6 4.c3 Nf6 5.Qa4 a6 6.Bxc6 dxc6 7.Qc2 Bg7 8.O-O O-O
9.d3 Qc7 10.Be3 b6 11.d4 cxd4 12.cxd4 Bb7 13.h3 c5 14.Nbd2 Rfc8 15.Rac1 a5
16.a4 e6 17.Rfd1 Nd7 18.Qb3 Qb8 19.Nc4 Bf8 20.Nfe5  1/2-1/2

[Event "Moscow Kasparov Cup"]
[Site "Moscow"]
[Date "1998.??.??"]
[Round "3"]
[White "Kim, Alexey"]
[Black "Timagin, Piotr"]
[Result "0-1"]
[WhiteElo "2180"]
[BlackElo "2170"]

1.e4 c5 2.Nf3 Nc6 3.Bb5 g6 4.c3 Bg7 5.O-O Nf6 6.d4 Nxe4 7.d5 Nd6 8.Bd3 Nb8
9.Bf4 O-O 10.Re1 f6 11.Bxd6 exd6 12.Na3 f5 13.Nb5 Be5 14.Nxe5 dxe5 15.Rxe5 d6
16.Re2 a6 17.Na3 f4 18.f3 b5 19.Nc2 Nd7 20.a4 bxa4 21.Rxa4 Qb6 22.Na3 c4+
23.Kh1 cxd3 24.Rd2 Ne5 25.Nc4 Nxc4 26.Rxc4 Bd7 27.Rb4 Qc5 28.Rxd3 Rab8 29.Rxb8 Rxb8
30.Qd2 Qb5 31.b4 Bf5  0-1

[Event "Moscow Kasparov Cup"]
[Site "Moscow"]
[Date "1998.??.??"]
[Round "4"]
[White "Khruschiov, Alexey"]
[Black "Izoria, Zviad"]
[Result "0-1"]
[WhiteElo "2215"]
[BlackElo "2270"]

1.e4 c5 2.Nf3 Nc6 3.Bb5 e6 4.O-O Nge7 5.b3 Nd4 6.Nxd4 cxd4 7.Bb2 a6 8.Bd3 Nc6
9.f4 d5 10.Qf3 Be7 11.a4 O-O 12.e5 Bc5 13.Ba3 b6 14.Bxc5 bxc5 15.Na3 Qe7
16.Rae1 g6 17.g4 Bb7 18.Nb1 f6 19.exf6 Qxf6 20.g5 Qf7 21.Qe2 Rfe8 22.h4 Qg7
23.Qg2 Rad8 24.Be2 e5 25.fxe5 Nxe5 26.d3 Bc8 27.Nd2 Bf5 28.Bf3 Qd7 29.Rf2 Nxf3+
30.Nxf3 Re3 31.Rfe2 Rde8 32.Rxe3 dxe3 33.d4 cxd4 34.Nxd4 Re4 35.Ne2 Rxh4
36.Ng3 Be4  0-1

[Event "Goldberg mem"]
[Site "Moscow"]
[Date "1998.??.??"]
[Round "8"]
[White "Sambuev, Bator"]
[Black "Belikov, Vladimir"]
[Result "0-1"]
[WhiteElo "2365"]
[BlackElo "2520"]

1.e4 c5 2.Nf3 Nc6 3.Bb5 e6 4.Bxc6 bxc6 5.d3 Ne7 6.h4 h5 7.Nbd2 Ng6 8.e5 f6
9.Nc4 Ba6 10.Qe2 Bxc4 11.Qe4 Bxd3 12.Qxd3 Kf7 13.Rh3 c4 14.Qe2 c3 15.exf6 gxf6
16.bxc3 Qa5 17.Kf1 Be7 18.c4 Rag8 19.Be3 Rh7 20.Rd1 Nf8 21.Bd4 c5 22.Bc3 Qc7
23.Qe4 Rg4 24.Ne5+ fxe5 25.Rf3+ Bf6 26.Qa8 Rh8 27.Re1 Rf4 28.g3 Rxf3 29.Qxf3 Qc6
30.Qxc6 dxc6 31.Rb1 Ng6  0-1

[Event "RUS-Cup02"]
[Site "Moscow"]
[Date "1998.??.??"]
[Round "9"]
[White "Abashev, Denis"]
[Black "Saltaev, Mihail"]
[Result "0-1"]
[WhiteElo "2365"]
[BlackElo "2510"]

1.e4 c5 2.Nf3 Nc6 3.Bb5 e6 4.O-O Nge7 5.Nc3 d6 6.Re1 Bd7 7.b3 Ng6 8.d4 cxd4
9.Nxd4 Be7 10.Bb2 O-O 11.Bxc6 bxc6 12.Nf3 e5 13.Ba3 Qc7 14.Re3 Rad8 15.Qd2 Bc8
16.Rd1 Nf4 17.Ne2 Nxe2+ 18.Qxe2 Qa5 19.b4 Qa4 20.c4 Be6 21.Rc1 f6 22.Qc2 Qxc2
23.Rxc2 Rb8 24.h3 Rfd8 25.Re1 Rb6 26.Rec1 Rdb8 27.Nd2 Ra6 28.Rc3 g6 29.Rb1 Bf8
30.Kf1 Ra4 31.Ke2 Bh6 32.Rd1 Rb6 33.Nb1 Bf8 34.f3 Kf7 35.Kd3 Be7 36.Kc2 c5
37.bxc5 dxc5 38.Nd2 Rba6 39.Kb2 Rd6 40.Kc2 Rda6 41.Kb2 f5 42.Re1 Bd8 43.Ree3 Ba5
44.Rc2 Bb4 45.Nb1 Kf6 46.Rb3 f4 47.Bxb4 Rxa2+ 48.Kc3 Rxc2+ 49.Kxc2 Ra2+ 50.Kd3 cxb4
51.Rxb4 Rxg2 52.Rb7 h5 53.c5 Bxh3 54.Nd2 h4 55.Rh7 g5 56.c6 Kg6 57.Rxa7 g4
58.Nc4 Kf6 59.fxg4 Rxg4 60.c7 Rg8 61.Ra6+ Be6 62.Nb6 Kg5 63.Nd5 Bg4 64.Ne7 Re8
65.Rg6+ Kh5  0-1

[Event "EU-ch U18 Girls"]
[Site "Murek"]
[Date "1998.??.??"]
[Round "1"]
[White "Greabca, Diana"]
[Black "Zozulia, Anna"]
[Result "0-1"]
[WhiteElo "2020"]
[BlackElo "2315"]

1.e4 c5 2.Nf3 Nc6 3.Bb5 g6 4.O-O Bg7 5.Re1 e5 6.b4 d6 7.bxc5 dxc5 8.Bb2 Qc7
9.Bxc6+ bxc6 10.c3 Ba6 11.d4 Rb8 12.Qc2 Qb6 13.Ba3 exd4 14.cxd4 cxd4 15.e5 d3
16.Qc5 Qxc5 17.Bxc5 Ne7 18.Nbd2 Rb7 19.Rac1 O-O 20.Bxe7 Rxe7 21.Rxc6 Bb5
22.Rd6 Rfe8 23.Rd5 Ba6 24.Ne4 Rc8 25.Nd6 Rc2 26.Ra5 Rc6 27.Ne4 Rec7 28.h3 h6
29.Kh2 Bc4 30.Ned2 Ba6 31.Ne4 Bc4 32.Ned2 Ba6 33.Ne4 Rb6 34.Rd1 Bb5 35.Nd6 Ba6
36.Ne4 Bc4 37.Ne1 Rd7 38.Rc5 Bxa2 39.Nxd3 Bb1 40.Rc8+ Kh7 41.Nec5 Bxe5+ 42.g3 Rd5
43.Re8 Bd6 44.Ne4 Rxd3  0-1

[Event "EU-ch U16"]
[Site "Murek"]
[Date "1998.??.??"]
[Round "2"]
[White "Botezatu, Gheorghe"]
[Black "Kovchan, Alexander"]
[Result "0-1"]
[WhiteElo "2195"]
[BlackElo "2330"]

1.e4 c5 2.Nf3 Nc6 3.Bb5 g6 4.Bxc6 dxc6 5.d3 Bg4 6.Nc3 Bg7 7.Be3 b6 8.Qd2 Nf6
9.Ng5 O-O 10.h4 e5 11.h5 h6 12.Nh3 g5 13.f3 Bxh5 14.O-O-O Qd7 15.Ne2 Rfd8
16.g4 Bg6 17.Ng3 Ne8 18.Nf5 Bxf5 19.gxf5 f6 20.Nf2 Qf7 21.Kb1 Rd7 22.Rh2 c4
23.Rdh1 cxd3 24.Nxd3 Nd6 25.Qe1 c5 26.Nf2 Rad8 27.Ng4 Nb5 28.Qg3 Rd1+ 29.Bc1 Rxh1
30.Rxh1 Nd4  0-1